Exportar: un gran desafío para Chile
Kaydedildi:
| Asıl Yazarlar: | , , |
|---|---|
| Materyal Türü: | Kitap |
| Dil: | İspanyolca |
| Baskı/Yayın Bilgisi: |
Santiago
Universitaria
1988
|
| Seri Bilgileri: | Colección fuera de serie
|
| Konular: | |
| Etiketler: |
Etiketle
Etiket eklenmemiş, İlk siz ekleyin!
|
MARC
| LEADER | 00000nam a2200000 a 4500 | ||
|---|---|---|---|
| 001 | UCX0689 | ||
| 003 | CL-VaPUC | ||
| 008 | 900109e19880000CL |||||||||||||||||spa|d | ||
| 082 | 0 | 4 | |a 382.6 |b CAC |2 21 |
| 100 | 0 | |a Cáceres, Carlos F |e author |9 316113 | |
| 700 | 0 | |a Larraín P., Felipe |e author |9 316114 | |
| 700 | 0 | |a Nicolaidis, Gregory C |e author |9 316115 | |
| 245 | 1 | 0 | |a Exportar: un gran desafío para Chile |
| 300 | |a 358 p | ||
| 942 | |c BK | ||
| 945 | |d 19900109 00:00:00 | ||
| 260 | |a Santiago |b Universitaria |c 1988 | ||
| 650 | 0 | |a Comercio |9 255341 | |
| 651 | 7 | |a CHILE |2 CL-VaPUC |9 316116 | |
| 583 | |a last modification |c 19900109 00:00:00 |k Rodrigo Vera | ||
| 490 | 0 | |a Colección fuera de serie | |
| 999 | |c 222208 |d 222206 | ||
| 952 | |0 0 |1 0 |4 0 |6 382_600000000000000_CAC_1988 |7 0 |8 A |9 216614 |a BIBENE |b BIBENE |d 2019-11-15 |i 2852543 |o 382.6 CAC 1988 |p 2852543 |r 2025-01-15 |w 2019-11-15 |y BK |k ICO | ||